[Event "18.Città di Padova Open A"]
[Site "Padova"]
[Date "2015.12.15"]
[Round "3.16"]
[White "Movileanu, Daniela"]
[Black "Manca, Federico"]
[Result "1/2-1/2"]
[WhiteElo "2195"]
[BlackElo "2409"]
[Annotator "Gabriele Ballarin"]
[PlyCount "61"]
[EventDate "2015.12.13"]
[EventType "swiss"]
[EventRounds "9"]
[EventCountry "ITA"]

1. e4 c6 2. d4 d5 3. Nd2 dxe4 4. Nxe4 Nf6 5. Nxf6+ gxf6 6. c3 Bf5 7. Nf3 Nd7 8. g3 e6 9. Bg2 Be4 10. O-O Qc7 11. Re1 Bd5 12. Qe2 Nb6 13. b3 O-O-O 14. c4 Bxf3 15. Qxf3 Bg7 16. Be3 Kb8 17. Rac1 Ka8 18. a4 a5 19. d5 Rc8 20. dxe6 fxe6 21. Bd2 Nd7 22. Rxe6 Bf8 23. Rce1 Bc5 24. Bh3 Rcd8 25. Be3 Qb6 26. Bxc5 Nxc5 27. R6e3 Rhf8 28. Bf5 h6 29. Qf4 h5 30. h4 Ka7 31. Qh6 {Nur} 1/2-1/2

[Event "18.Città di Padova Open A"]
[Site "Padova"]
[Date "2015.12.15"]
[Round "3.17"]
[White "Quaranta, Cristiano"]
[Black "Solomon, Kenny"]
[Result "0-1"]
[WhiteElo "2112"]
[BlackElo "2215"]
[Annotator "Gabriele Ballarin"]
[PlyCount "98"]
[EventDate "2015.12.13"]
[EventType "swiss"]
[EventRounds "9"]
[EventCountry "ITA"]

1. e4 e5 2. Nf3 Nc6 3. Bc4 Bc5 4. c3 Nf6 5. d3 a6 6. Bb3 Ba7 7. Nbd2 O-O 8. h3 d6 9. Nf1 d5 10. Qe2 d4 11. Ng3 Qd6 12. O-O Be6 13. Bc2 Nd7 14. Ng5 h6 15. Nxe6 fxe6 16. Qg4 Nf6 17. Qh4 Ne7 18. Nh5 Ng6 19. Qg3 Kh7 20. Nxf6+ Rxf6 21. c4 Raf8 22. Bd1 Bc5 23. Bh5 Ne7 24. Bd2 Nc6 25. a3 a5 26. Bd1 Qe7 27. Rb1 Rg6 28. Qh2 Bd6 29. Bh5 Rgf6 30. Bd1 Rg6 31. Bh5 Rgf6 32. Bd1 Qf7 33. f3 b6 34. Ba4 Ne7 35. Kf2 Ng6 36. Ke2 Nf4+ 37. Bxf4 exf4 38. Bc6 Be5 39. b4 Qe7 40. Rb3 Qd6 41. b5 Rg6 42. Rh1 Rg3 43. h4 h5 44. Kf2 Qe7 45. Kf1 Bd6 46. a4 Be5 47. Kf2 Kg8 48. Kf1 Rf6 49. Kf2 Rfg6 0-1

[Event "18.Città di Padova Open A"]
[Site "Padova"]
[Date "2015.12.15"]
[Round "3.18"]
[White "Mrdja, Milan"]
[Black "Redo, Giorgio"]
[Result "0-1"]
[WhiteElo "2365"]
[BlackElo "2055"]
[Annotator "Gabriele Ballarin"]
[PlyCount "54"]
[EventDate "2015.12.13"]
[EventType "swiss"]
[EventRounds "9"]
[EventCountry "ITA"]

1. e4 c5 2. Nf3 g6 3. d4 cxd4 4. Qxd4 Nf6 5. Qa4 Bg7 6. Nc3 O-O 7. e5 Ne8 8. Bf4 d5 9. O-O-O e6 10. h4 Bd7 11. Qb3 Qc7 12. h5 Nc6 13. hxg6 fxg6 14. Nxd5 exd5 15. Qxd5+ Kh8 16. Rxh7+ Kxh7 17. Ng5+ Kh8 18. Be2 Bh6 19. Rh1 Kg7 20. Rxh6 Kxh6 21. Ne6+ Rxf4 22. Nxc7 Rd4 23. Qf7 Nxc7 24. c3 Nxe5 25. Qf6 Re4 26. Kd2 Re8 27. Bd1 Nd5 0-1

[Event "18.Città di Padova Open A"]
[Site "Padova"]
[Date "2015.12.15"]
[Round "3.19"]
[White "Brunello, Marina"]
[Black "Loiacono, Leonardo"]
[Result "1/2-1/2"]
[WhiteElo "2342"]
[BlackElo "2052"]
[Annotator "Gabriele Ballarin"]
[PlyCount "91"]
[EventDate "2015.12.13"]
[EventType "swiss"]
[EventRounds "9"]
[EventCountry "ITA"]

1. e4 c5 2. b3 b6 3. Bb2 Bb7 4. Nc3 Nf6 5. e5 Ng8 6. Nf3 Nh6 7. Bd3 g6 8. Be4 Bxe4 9. Nxe4 Bg7 10. Rb1 O-O 11. Ng3 Nc6 12. h3 Qc7 13. Qe2 Rfe8 14. O-O Rad8 15. Rfe1 Qb7 16. Qe4 Qc8 17. d3 d5 18. exd6 exd6 {=} 19. Qf4 Rxe1+ 20. Nxe1 Bxb2 21. Rxb2 Kg7 22. Nh5+ gxh5 23. Qg5+ Kh8 24. Qxh6 Qe6 25. Qxe6 fxe6 26. c3 e5 27. Re2 Kg7 28. g3 b5 29. Kg2 b4 30. c4 a5 31. f4 exf4 32. gxf4 Kf6 33. Nf3 a4 34. bxa4 Ra8 35. Ng5 Nd4 36. Ne4+ Kg6 37. Rf2 Nf5 38. Ng3 Nxg3 39. Kxg3 Kf5 40. Kf3 Rxa4 41. Rc2 Ra3 42. Ke3 Ra7 43. Rg2 h6 44. Kf3 Ra3 45. Ke3 Ra7 46. Kf3 1/2-1/2

[Event "18.Città di Padova Open A"]
[Site "Padova"]
[Date "2015.12.15"]
[Round "3.20"]
[White "Gallo, Enrico"]
[Black "De Santis, Alessio"]
[Result "1/2-1/2"]
[WhiteElo "2044"]
[BlackElo "2330"]
[Annotator "Gabriele Ballarin"]
[PlyCount "104"]
[EventDate "2015.12.13"]
[EventType "swiss"]
[EventRounds "9"]
[EventCountry "ITA"]

1. e4 b6 2. d4 Bb7 3. Bd3 Nf6 4. Nd2 e6 5. Ngf3 d5 6. e5 Ne4 7. Qe2 Nxd2 8. Bxd2 Be7 9. O-O c5 10. c3 a5 11. Rac1 Ba6 12. Bb5+ Bxb5 13. Qxb5+ Nd7 14. dxc5 bxc5 15. c4 d4 16. b3 O-O 17. Qc6 Ra7 18. Qe4 Qa8 19. Qg4 Kh8 20. Rfe1 a4 21. Bg5 Bxg5 22. Nxg5 h6 23. Qh5 Qe8 24. Qh3 Qe7 25. f4 axb3 26. axb3 Rb8 27. Rb1 Ra3 28. Ne4 Nb6 29. Nd6 Nc8 30. Nb5 Ra2 31. f5 exf5 32. Qxf5 Qe6 33. Rf1 Kg8 34. Qxe6 fxe6 35. b4 cxb4 36. Nxd4 Ra6 37. Rf3 Ne7 38. Rfb3 Ng6 39. Nf3 Rab6 40. Kf2 Kf7 41. Ke3 Ne7 42. Nd4 Nf5+ 43. Nxf5 exf5 44. c5 Rc6 45. Rxb4 Rxb4 46. Rxb4 Rxc5 47. Kf4 g6 48. h4 Rc1 49. Rb7+ Ke6 50. Rb6+ Kf7 51. Rb7+ Ke6 52. Rb6+ Kf7 1/2-1/2

[Event "18.Città di Padova Open A"]
[Site "Padova"]
[Date "2015.12.15"]
[Round "3.21"]
[White "Sonis, Francesco"]
[Black "Casciello, Dimitri"]
[Result "1-0"]
[WhiteElo "2317"]
[BlackElo "2040"]
[Annotator "Gabriele Ballarin"]
[PlyCount "93"]
[EventDate "2015.12.13"]
[EventType "swiss"]
[EventRounds "9"]
[EventCountry "ITA"]

1. Nf3 Nf6 2. c4 g6 3. g3 Bg7 4. Bg2 d6 5. d4 O-O 6. O-O Nbd7 7. Nc3 e5 8. b3 Re8 9. Bb2 c6 10. e4 exd4 11. Nxd4 Nc5 12. Qc2 Qe7 13. Rfe1 a5 14. Rad1 Bg4 15. f3 Bd7 16. Bc1 Rad8 17. Be3 Bc8 18. Bf2 h5 19. a3 h4 20. Qd2 hxg3 21. hxg3 Kh7 22. Nce2 Qc7 23. Nf4 Kg8 24. Rc1 Nh7 25. Rb1 Nf8 26. Rec1 Nfe6 27. Ndxe6 Nxe6 28. Ne2 Nc5 29. b4 axb4 30. axb4 Nd7 31. Nc3 Nb6 32. Qd3 Be6 33. Nd5 Bxd5 34. cxd5 Nd7 35. f4 Nb8 36. Qa3 Qd7 37. Qa5 Rc8 38. Rd1 cxd5 39. Qxd5 Rc2 40. Qxd6 Qg4 41. Rd2 Rc3 42. Rd3 Rxd3 43. Qxd3 g5 44. Bf3 Qh3 45. Qb5 Nc6 46. Qxg5 Re6 47. Bg4 1-0

[Event "18.Città di Padova Open A"]
[Site "Padova"]
[Date "2015.12.15"]
[Round "3.22"]
[White "Pozzobon, Davide"]
[Black "Dragojlovic, Andjelko"]
[Result "1/2-1/2"]
[WhiteElo "2037"]
[BlackElo "2309"]
[Annotator "Gabriele Ballarin"]
[PlyCount "103"]
[EventDate "2015.12.13"]
[EventType "swiss"]
[EventRounds "9"]
[EventCountry "ITA"]

1. e4 c5 2. Nf3 d6 3. d4 cxd4 4. Qxd4 a6 5. c4 Nc6 6. Qd1 g6 7. Be2 Bg7 8. O-O Nf6 9. Nc3 O-O 10. Bg5 Bg4 11. Rc1 Rc8 12. b3 Qa5 13. Qd2 Bxf3 14. Bxf3 b5 15. cxb5 axb5 16. Be2 b4 17. Bxf6 bxc3 18. Bxc3 Bxc3 19. Rxc3 Nd4 20. Rd3 Nxe2+ 21. Qxe2 Rc7 22. Qd2 Qa6 23. Rc3 Rxc3 24. Qxc3 Rc8 25. Qb2 Qd3 26. Rc1 Rc5 27. h3 Qxe4 28. Rxc5 dxc5 29. a4 Qe1+ 30. Kh2 h5 31. Qc2 Qe5+ 32. Kg1 Qe1+ 33. Kh2 Qe5+ 34. g3 h4 35. a5 hxg3+ 36. fxg3 Qa1 37. Qxc5 Qb2+ 38. Kg1 Qxb3 39. Kf2 f5 40. Qc8+ Kf7 41. a6 Qb2+ 42. Ke3 Qe5+ 43. Kd2 Qd4+ 44. Kc1 Qe3+ 45. Kb2 Qb6+ 46. Kc3 Qa5+ 47. Kc4 Qa4+ 48. Kc3 Qa3+ 49. Kc2 Qa2+ 50. Kd3 Qa3+ 51. Kd4 Qb2+ 52. Kd3 {=} 1/2-1/2

[Event "18.Città di Padova Open A"]
[Site "Padova"]
[Date "2015.12.15"]
[Round "3.23"]
[White "Cocchi, Andrea"]
[Black "Kakumanu, Kautil"]
[Result "1/2-1/2"]
[WhiteElo "2251"]
[BlackElo "1875"]
[Annotator "Gabriele Ballarin"]
[PlyCount "52"]
[EventDate "2015.12.13"]
[EventType "swiss"]
[EventRounds "9"]
[EventCountry "ITA"]

1. Nf3 c5 2. c4 g6 3. e3 Bg7 4. Be2 Nf6 5. O-O O-O 6. b3 Ne4 7. d4 d5 8. Bb2 Nc6 9. Nbd2 Bf5 10. cxd5 Qxd5 11. Bc4 Qd7 12. Nxe4 Bxe4 13. Ne5 Nxe5 14. dxe5 Qc7 15. f3 Bc6 16. f4 Rad8 17. Qc2 b5 18. Bd3 Qb7 19. Rfd1 Rd7 20. Bf1 Rc7 21. Rac1 Rfc8 22. h4 c4 23. Bd4 Bd5 24. Qb2 cxb3 25. Rxc7 Qxc7 26. axb3 a6 1/2-1/2

[Event "18.Città di Padova Open A"]
[Site "Padova"]
[Date "2015.12.15"]
[Round "3.24"]
[White "Ljubisavljevic, Zivojin Z"]
[Black "Papathanasiou, Elisavet"]
[Result "1/2-1/2"]
[WhiteElo "2183"]
[BlackElo "1955"]
[Annotator "Gabriele Ballarin"]
[PlyCount "81"]
[EventDate "2015.12.13"]
[EventType "swiss"]
[EventRounds "9"]
[EventCountry "ITA"]

1. e4 c5 2. f4 Nc6 3. Nf3 g6 4. Bb5 Bg7 5. O-O Nf6 6. d3 O-O 7. Bxc6 bxc6 8. e5 Nd5 9. c4 Nc7 10. Nc3 d6 11. exd6 exd6 12. Bd2 Bf5 13. Be1 Qe7 14. Qd2 Rad8 15. Bh4 Bf6 16. Rae1 Ne6 17. Bg5 Bxg5 18. fxg5 d5 19. cxd5 cxd5 20. Nh4 d4 21. Nxf5 gxf5 22. Nd1 Qxg5 23. Qxg5+ Nxg5 24. Rxf5 Ne6 25. b3 Rfe8 26. Kf1 Kg7 27. Nb2 f6 28. Na4 Kg6 29. g4 h5 30. Rxh5 Nf4 31. Rxe8 Rxe8 32. Rf5 Nxd3 33. Nxc5 Re1+ 34. Kg2 Nxc5 35. Rxc5 Re2+ 36. Kg3 Rxa2 37. Rd5 Rb2 38. Rxd4 Rxb3+ 39. Kf4 Rh3 40. Ra4 Rxh2 41. Rxa7 1/2-1/2

[Event "18.Città di Padova Open A"]
[Site "Padova"]
[Date "2015.12.15"]
[Round "3.25"]
[White "Di Chiara, Mauro"]
[Black "Santolini, Luigi"]
[Result "1/2-1/2"]
[WhiteElo "1933"]
[BlackElo "2156"]
[Annotator "Gabriele Ballarin"]
[PlyCount "28"]
[EventDate "2015.12.13"]
[EventType "swiss"]
[EventRounds "9"]
[EventCountry "ITA"]

1. Nf3 d5 2. d4 Nf6 3. c4 e6 4. Nc3 c5 5. cxd5 Nxd5 6. e3 Nxc3 7. bxc3 Be7 8. Bd3 O-O 9. O-O Nc6 10. Qe2 b6 11. Rd1 Qc7 12. Bb2 Bb7 13. Rac1 Rfe8 14. c4 Na5 1/2-1/2

[Event "18.Città di Padova Open A"]
[Site "Padova"]
[Date "2015.12.15"]
[Round "3.26"]
[White "Santeramo, Alessia Carmen"]
[Black "Papathanasiou, Ageliki"]
[Result "1-0"]
[WhiteElo "2133"]
[BlackElo "1778"]
[Annotator "Gabriele Ballarin"]
[PlyCount "87"]
[EventDate "2015.12.13"]
[EventType "swiss"]
[EventRounds "9"]
[EventCountry "ITA"]

1. e4 c5 2. Nf3 Nc6 3. Bb5 g6 4. Bxc6 dxc6 5. d3 Bg7 6. h3 Nf6 7. Nc3 O-O 8. Be3 b6 9. Qd2 Bd7 10. Bh6 b5 11. h4 b4 12. Ne2 Qb6 13. Bxg7 Kxg7 14. h5 Rh8 15. h6+ Kf8 16. Ng5 Be8 17. O-O-O a5 18. f4 a4 19. f5 b3 20. cxb3 axb3 21. a3 Qb5 22. Nc3 Qb8 23. Rdf1 Qe5 24. Nf3 Qc7 25. fxg6 hxg6 26. h7 Nxh7 27. Ng5 Kg8 28. Nxh7 Rxh7 29. Rxh7 Kxh7 30. Rh1+ Kg8 31. Qg5 Qd6 32. Rh3 Qf6 33. Qh6 Qg7 34. Qf4 Rxa3 35. Qb8 Kf8 36. e5 Ra4 37. Kd2 Ra1 38. Rh2 f6 39. Ne4 Rb1 40. Nxc5 Rxb2+ 41. Ke3 Qg8 42. exf6 Kf7 43. Qe5 exf6 44. Qxb2 1-0

[Event "18.Città di Padova Open A"]
[Site "Padova"]
[Date "2015.12.15"]
[Round "3.27"]
[White "Desideri, Alessandro"]
[Black "Gregori, Giacomo"]
[Result "0-1"]
[WhiteElo "1904"]
[BlackElo "2113"]
[Annotator "Gabriele Ballarin"]
[PlyCount "74"]
[EventDate "2015.12.13"]
[EventType "swiss"]
[EventRounds "9"]
[EventCountry "ITA"]

1. f4 Nf6 2. Nf3 g6 3. e3 Bg7 4. d4 O-O 5. Bd3 c5 6. c3 d6 7. O-O Nc6 8. Qe2 e5 9. dxe5 dxe5 10. e4 Qb6 11. Kh1 Bg4 12. Na3 exf4 13. Bxf4 Nh5 14. Be3 Rad8 15. Rad1 {=} Ne5 16. Nc4 Qc7 17. Bg5 Rxd3 18. Ncxe5 Rxd1 19. Nxg4 Rxf1+ 20. Qxf1 f6 21. Be3 b6 22. g3 Rd8 23. Nd2 Qf7 24. Qc4 Qxc4 25. Nxc4 Re8 26. Nf2 f5 27. exf5 b5 28. fxg6 hxg6 29. Bxc5 bxc4 30. Bxa7 Ra8 31. Be3 Rxa2 32. Ne4 Rxb2 33. Nd2 Rc2 34. g4 Nf6 35. g5 Nd5 36. Nxc4 Rxc3 37. Nb6 Nxe3 0-1

[Event "18.Città di Padova Open A"]
[Site "Padova"]
[Date "2015.12.15"]
[Round "3.28"]
[White "Desideri, Leonardo"]
[Black "Parrella, Alfredo"]
[Result "1/2-1/2"]
[WhiteElo "1770"]
[BlackElo "2097"]
[Annotator "Gabriele Ballarin"]
[PlyCount "112"]
[EventDate "2015.12.13"]
[EventType "swiss"]
[EventRounds "9"]
[EventCountry "ITA"]

1. e4 c5 2. Nf3 e6 3. d3 Nc6 4. g3 d6 5. Bg2 Nf6 6. O-O Be7 7. c3 O-O 8. Re1 e5 9. a3 Qc7 10. b4 Re8 11. b5 Na5 12. c4 h6 13. Nc3 b6 14. Nd2 Bf8 15. Nf1 Nb7 16. Ne3 Nd8 17. Ned5 Nxd5 18. Nxd5 Qb8 19. f4 Be7 20. f5 f6 21. Qg4 Nf7 22. Qg6 Bd7 23. Be3 Qd8 24. h4 Rf8 25. Qg4 a6 26. a4 a5 27. Qf3 Rb8 28. Qf1 Bc8 29. Bf3 Bb7 30. Nc3 Nh8 31. Ra2 Nf7 32. Rh2 Qd7 33. Qh3 Qd8 34. Nd1 Bc8 35. Bh5 Bd7 36. Bxf7+ Rxf7 37. g4 Rf8 38. Kf2 Kf7 39. Ke2 Bc8 40. Rg1 Ke8 41. Nc3 Bb7 42. Nb1 Kd7 43. g5 hxg5 44. Bxg5 fxg5 45. f6+ Kc7 46. fxe7 Qxe7 47. Rxg5 Rf7 48. Qg3 Rh8 49. Rg2 Rh7 50. Nd2 Bc8 51. Nf3 Kb8 52. Rg6 Rf4 53. Ke3 Qd7 54. Ke2 Qe7 55. Qg5 Qf8 56. Qg3 Qe7 1/2-1/2

[Event "18.Città di Padova Open A"]
[Site "Padova"]
[Date "2015.12.15"]
[Round "3.29"]
[White "Messina, Roberta"]
[Black "Kakumanu, Kunal"]
[Result "1-0"]
[WhiteElo "2039"]
[BlackElo "1918"]
[Annotator "Gabriele Ballarin"]
[PlyCount "47"]
[EventDate "2015.12.13"]
[EventType "swiss"]
[EventRounds "9"]
[EventCountry "ITA"]

1. d4 Nf6 2. c4 e6 3. g3 d5 4. Bg2 c5 5. cxd5 exd5 6. Nf3 Nc6 7. O-O Qb6 8. dxc5 Bxc5 9. Nc3 Ne4 10. Nxd5 Nxf2 11. Rxf2 Bxf2+ 12. Kf1 Qa5 13. Kxf2 Be6 14. Nf4 Rd8 15. Qc2 Bf5 16. Qb3 O-O 17. Be3 Nb4 18. Rc1 Rfe8 19. Rc5 Qb6 20. Rxf5 Nd3+ 21. Qxd3 Qxb2 22. Qb3 Qa1 23. Qxf7+ Kh8 24. Rh5 1-0

[Event "18.Città di Padova Open A"]
[Site "Padova"]
[Date "2015.12.15"]
[Round "3.30"]
[White "Pescatore, Lorenzo"]
[Black "Roberti, Ignazio"]
[Result "1-0"]
[WhiteElo "2243"]
[BlackElo "1890"]
[Annotator "Gabriele Ballarin"]
[PlyCount "63"]
[EventDate "2015.12.13"]
[EventType "swiss"]
[EventRounds "9"]
[EventCountry "ITA"]

1. e4 c5 2. c3 d5 3. exd5 Qxd5 4. d4 Nc6 5. Nf3 Nf6 6. Be2 g6 7. O-O Bg7 8. c4 Qd6 9. d5 Ne5 10. Nc3 a6 11. Nxe5 Qxe5 12. Be3 Qd6 13. Qd2 Bf5 14. f3 h5 15. Rfe1 h4 16. Bf4 Qd7 17. Bd1 b5 18. cxb5 axb5 19. Be2 c4 20. a4 b4 21. Nb5 Rc8 22. Bxc4 Kf8 23. Rac1 h3 24. g3 Nh5 25. Bg5 f6 26. Be3 g5 27. Bb3 g4 28. Rxc8+ Qxc8 29. d6 e5 30. Qd5 Qd7 31. Qa8+ Qe8 32. d7 1-0

[Event "18.Città di Padova Open A"]
[Site "Padova"]
[Date "2015.12.15"]
[Round "3.32"]
[White "Lantini, Marco"]
[Black "Capito', Mario"]
[Result "1-0"]
[WhiteElo "2083"]
[BlackElo "1879"]
[Annotator "Gabriele Ballarin"]
[PlyCount "75"]
[EventDate "2015.12.13"]
[EventType "swiss"]
[EventRounds "9"]
[EventCountry "ITA"]

1. d4 Nf6 2. c4 g6 3. Nc3 Bg7 4. g3 d6 5. Bg2 Nbd7 6. Nf3 O-O 7. O-O c6 8. e4 Qc7 9. Re1 e5 10. h3 Re8 11. d5 c5 12. Qd3 Nf8 13. a3 Bd7 14. Rb1 Rac8 15. Nd2 Nh5 16. Nb5 Qb8 17. b4 cxb4 18. axb4 Bxb5 19. cxb5 Qc7 20. Bf1 Qc2 21. Qxc2 Rxc2 22. Nc4 Rd8 23. Ra1 Rd7 24. Ne3 Rc3 25. Bd2 Rc8 26. Rxa7 Bh6 27. b6 Nf6 28. Bb5 Re7 29. f3 Kg7 30. Re2 Nh5 31. Kg2 Bxe3 32. Bxe3 f5 33. Ba6 f4 34. gxf4 Nxf4+ 35. Bxf4 exf4 36. Bxb7 Rb8 37. Bc6 Kf6 38. b7 1-0

[Event "18.Città di Padova Open A"]
[Site "Padova"]
[Date "2015.12.15"]
[Round "3.32"]
[White "Loiacono, Antonio"]
[Black "Iasman, Inna"]
[Result "1-0"]
[WhiteElo "2010"]
[BlackElo "1843"]
[Annotator "Gabriele Ballarin"]
[PlyCount "143"]
[EventDate "2015.12.13"]
[EventType "swiss"]
[EventRounds "9"]
[EventCountry "ITA"]

1. e4 c6 2. d4 d5 3. Nc3 dxe4 4. Nxe4 Bf5 5. Ng3 Bg6 6. N1e2 e5 7. dxe5 Qa5+ 8. c3 Qxe5 9. Bf4 Qe6 10. Be3 Bd6 11. Nd4 Qd7 12. Qd2 Ne7 13. Bc4 O-O 14. O-O Nd5 15. Bxd5 cxd5 16. Bf4 Bc5 17. Nb3 Bb6 18. Rad1 Rd8 19. Rfe1 Nc6 20. Ne2 Bh5 21. Be3 Bc7 22. Nc5 Qc8 23. Nd3 d4 24. cxd4 Bxe2 25. Qxe2 Nxd4 26. Bxd4 Rxd4 27. Rc1 Rd7 28. Nc5 Rd8 29. Nb3 Qb8 30. g3 Bb6 31. Nc5 Re8 32. Qxe8+ Qxe8 33. Rxe8+ Rxe8 34. Nxb7 h6 35. Kf1 Re5 36. Nd6 Rc5 37. Nc4 Rc7 38. b4 Bd4 39. a4 Kf8 40. Ke2 Ke7 41. f3 f5 42. b5 Kf6 43. Kd3 Bb6 44. Rb1 Rd7+ 45. Kc3 Bd4+ 46. Kb4 Ke6 47. a5 Kd5 48. Rd1 Rc7 49. Ne3+ Ke5 50. Nc4+ Kd5 51. Rc1 Bc5+ 52. Kb3 Rb7 53. Rd1+ Bd4 54. Kb4 Rc7 55. Rc1 Bc5+ 56. Ka4 Rb7 57. Rc2 Rb8 58. Ne5 Re8 59. Rd2+ Ke6 60. Nc4 Rb8 61. Rd1 Rb7 62. Rd8 Rd7 63. Rxd7 Kxd7 64. Kb3 Kc7 65. Kc3 g5 66. h3 h5 67. g4 fxg4 68. fxg4 hxg4 69. hxg4 Bf2 70. Kd3 Bg3 71. Ke4 Be1 72. Kf5 1-0

[Event "18.Città di Padova Open A"]
[Site "Padova"]
[Date "2015.12.15"]
[Round "3.33"]
[White "Belloni, Umberto"]
[Black "Vatkali, Dimitra"]
[Result "1/2-1/2"]
[WhiteElo "1827"]
[BlackElo "1983"]
[Annotator "Gabriele Ballarin"]
[PlyCount "98"]
[EventDate "2015.12.13"]
[EventType "swiss"]
[EventRounds "9"]
[EventCountry "ITA"]

1. d4 d5 2. Bg5 f6 3. Bf4 Nc6 4. e3 e5 5. Bg3 Nh6 6. c3 Nf5 7. Bb5 e4 8. Ne2 a6 9. Bxc6+ bxc6 10. Nf4 Qd7 11. Nd2 Qf7 12. b4 h5 13. h4 Nxg3 14. fxg3 Bg4 15. Qa4 Bd7 16. Qd1 Bd6 17. O-O a5 18. a3 a4 19. Rc1 Bg4 20. Qe1 g5 21. hxg5 fxg5 22. Nh3 Qg6 23. c4 h4 24. cxd5 cxd5 25. Rc6 Bd7 26. Rxd6 cxd6 27. Qf2 Bxh3 28. gxh3 hxg3 29. Qxg3 Rc8 30. Qg4 Rc2 31. Qd1 Rc7 32. Qxa4+ Ke7 33. Qa5 Rd7 34. Qxd5 Rxh3 35. Nxe4 Qh5 36. Rf7+ Qxf7 37. Qxf7+ Kxf7 38. Nxg5+ Kf6 39. Nxh3 Ra7 40. Kf2 Rxa3 41. Kf3 Rb3 42. Nf4 Kg5 43. Ke4 Rxb4 44. Kd5 Kf5 45. Ne2 Rb5+ 46. Kxd6 Rb3 47. Ng3+ Kg4 48. Nf1 Rb2 49. Kc6 Rf2 1/2-1/2

[Event "18.Città di Padova Open A"]
[Site "Padova"]
[Date "2015.12.15"]
[Round "3.34"]
[White "Serefidou, Despina"]
[Black "Favero, Graziano"]
[Result "1-0"]
[WhiteElo "1978"]
[BlackElo "1836"]
[Annotator "Gabriele Ballarin"]
[PlyCount "61"]
[EventDate "2015.12.13"]
[EventType "swiss"]
[EventRounds "9"]
[EventCountry "ITA"]

1. e4 d6 2. d4 Nf6 3. Nc3 g6 4. f4 Bg7 5. Nf3 O-O 6. Bd3 Nc6 7. O-O Bg4 8. Be3 e5 9. fxe5 dxe5 10. d5 Nd4 11. Be2 Bxf3 12. Bxf3 Qd6 13. Qd3 Rad8 14. Nb5 Nxb5 15. Qxb5 b6 16. c4 Nd7 17. b4 c6 18. Qxc6 Qxb4 19. Rab1 Qa3 {=} 20. Bg5 Nb8 21. Qb5 f6 22. Bh4 Bh6 23. Rb3 Be3+ 24. Kh1 Qc5 25. Qxc5 Bxc5 26. Bg4 Na6 27. Bxf6 Nc7 28. Rbf3 Rd6 29. Bxe5 Rxf3 30. Rxf3 Ne8 31. Be6+ 1-0

[Event "18.Città di Padova Open A"]
[Site "Padova"]
[Date "2015.12.15"]
[Round "4.1"]
[White "Kovacevic, Blazimir"]
[Black "Georgiev, Kiril"]
[Result "1/2-1/2"]
[WhiteElo "2480"]
[BlackElo "2627"]
[Annotator "Gabriele Ballarin"]
[PlyCount "66"]
[EventDate "2015.12.13"]
[EventType "swiss"]
[EventRounds "9"]
[EventCountry "ITA"]
[SourceTitle "The Week in Chess 1102"]
[Source "Mark Crowther"]
[SourceDate "2015.12.21"]
[SourceVersion "1"]
[SourceVersionDate "2015.12.21"]
[SourceQuality "2"]

1. d4 Nf6 2. Bg5 e6 3. e4 h6 4. Bxf6 Qxf6 5. c3 c5 6. Nf3 cxd4 7. cxd4 Nc6 8. Nc3 Bb4 9. e5 Qe7 10. Rc1 d6 11. Bd3 dxe5 12. dxe5 O-O 13. O-O Bxc3 14. Rxc3 Nb4 15. Bb1 b6 16. Be4 Bb7 17. Bxb7 Qxb7 18. Qa4 Nd5 19. Rc2 Rac8 20. Rfc1 Rfd8 21. h4 Rxc2 22. Rxc2 a5 23. a3 Ne7 24. Rd2 Nd5 25. Rc2 Rc8 26. Kh2 Rxc2 27. Qxc2 Qd7 28. Qc4 Qd8 29. Qa4 g6 30. Qc4 Kg7 31. Qc1 Qd7 32. Qc4 Qd8 33. Qc1 Qd7 1/2-1/2

[Event "18.Città di Padova Open A"]
[Site "Padova"]
[Date "2015.12.15"]
[Round "4.2"]
[White "Vovk, Yuri"]
[Black "David, Alberto"]
[Result "0-1"]
[WhiteElo "2626"]
[BlackElo "2585"]
[Annotator "Gabriele Ballarin"]
[PlyCount "94"]
[EventDate "2015.12.13"]
[EventType "swiss"]
[EventRounds "9"]
[EventCountry "ITA"]
[SourceTitle "The Week in Chess 1102"]
[Source "Mark Crowther"]
[SourceDate "2015.12.21"]
[SourceVersion "1"]
[SourceVersionDate "2015.12.21"]
[SourceQuality "2"]

1. e4 c5 2. Nf3 e6 3. g3 Nc6 4. Bg2 Nf6 5. Qe2 d6 6. O-O Be7 7. e5 dxe5 8. Nxe5 Nxe5 9. Qxe5 O-O 10. Nc3 Qb6 11. b3 Bd7 12. Bb2 Bc6 13. Na4 Bxa4 14. bxa4 Rad8 15. Qc3 Rd4 16. a5 Qa6 17. Rab1 b5 18. axb6 axb6 19. a3 Rfd8 20. Rfd1 Nd5 21. Qb3 Ra4 22. d3 b5 23. Bxd5 exd5 24. Qc3 d4 25. Qe1 Bf8 26. Rd2 Qc6 27. Re2 c4 28. Re5 b4 29. axb4 Rxb4 30. dxc4 Rdb8 31. Rb5 R4xb5 32. cxb5 Qxb5 33. c4 Qxc4 34. Rc1 Qd5 35. Qd2 Rd8 36. Qd3 h5 37. Re1 h4 38. gxh4 Rd6 39. Re4 f5 40. Re8 Rg6+ 41. Kf1 Kf7 42. Rb8 Qh1+ 43. Ke2 Re6+ 44. Kd2 Qe1+ 45. Kc2 Rc6+ 46. Kb3 Qe6+ 47. Ka4 Ra6+ 0-1

[Event "18.Città di Padova Open A"]
[Site "Padova"]
[Date "2015.12.15"]
[Round "4.3"]
[White "Zhigalko, Andrey"]
[Black "Swayams, Mishra"]
[Result "1-0"]
[WhiteElo "2585"]
[BlackElo "2477"]
[Annotator "Gabriele Ballarin"]
[PlyCount "55"]
[EventDate "2015.12.13"]
[EventType "swiss"]
[EventRounds "9"]
[EventCountry "ITA"]
[SourceTitle "The Week in Chess 1102"]
[Source "Mark Crowther"]
[SourceDate "2015.12.21"]
[SourceVersion "1"]
[SourceVersionDate "2015.12.21"]
[SourceQuality "2"]

1. e4 e5 2. Nf3 Nc6 3. Bb5 a6 4. Ba4 Nf6 5. O-O Be7 6. Re1 b5 7. Bb3 d6 8. c3 O-O 9. h3 Bb7 10. d4 Nd7 11. Nbd2 exd4 12. cxd4 Re8 13. Nf1 Bf6 14. Qd2 Nb6 15. Ng3 g6 16. Qh6 Nc4 17. Ng5 Bxg5 18. Bxg5 f6 19. Nh5 gxh5 20. Bxf6 Re7 21. Re3 Qf8 22. Rg3+ Kf7 23. Qxh5+ Ke6 24. Qf5+ Kf7 25. Bd1 Ke8 26. Bh5+ Rf7 27. Qe6+ Ne7 28. Rg8 1-0

[Event "18.Città di Padova Open A"]
[Site "Padova"]
[Date "2015.12.15"]
[Round "4.5"]
[White "Maiorov, Nikita"]
[Black "Valsecchi, Alessio"]
[Result "1-0"]
[WhiteElo "2566"]
[BlackElo "2466"]
[Annotator "Gabriele Ballarin"]
[PlyCount "65"]
[EventDate "2015.12.13"]
[EventType "swiss"]
[EventRounds "9"]
[EventCountry "ITA"]
[SourceTitle "The Week in Chess 1102"]
[Source "Mark Crowther"]
[SourceDate "2015.12.21"]
[SourceVersion "1"]
[SourceVersionDate "2015.12.21"]
[SourceQuality "2"]

1. d4 Nf6 2. c4 g6 3. Nf3 Bg7 4. g3 d5 5. Bg2 dxc4 6. Na3 c3 7. bxc3 O-O 8. O-O c5 9. e3 Nc6 10. Qe2 Bf5 11. Rd1 Qb6 12. Bd2 Rac8 13. Be1 Rfd8 14. h3 Be4 15. Bf1 cxd4 16. cxd4 a6 17. Nc4 Qc7 18. Ncd2 Bxf3 19. Nxf3 e5 20. Nxe5 Nxe5 21. dxe5 Qxe5 22. Rxd8+ Rxd8 23. Rc1 Ne4 24. Bg2 Qe6 25. Rc7 Nd6 26. Qc2 h5 27. Ba5 h4 28. g4 Bf6 29. Rc5 Rc8 30. Rxc8+ Nxc8 31. Bxb7 Nd6 32. Bxa6 Qe5 33. Bc7 1-0